Fit furs zertifikat deutsch (Record no. 61259)

MARC details
000 -LÍDER
campo de controle de tamanho fixo 00394 a2200157 4500
001 - NÚMERO DE CONTROLE
campo de controle 61259
020 ## - ISBN - INTERNATIONAL STANDARD BOOK NUMBER
ISBN - International Standard Book Number 9783190516513
040 ## - FONTE DA CATALOGAÇÃO
Instituição que transcreveu o registro Anchieta - Pituba
100 ## - ENTRADA PRINCIPAL--NOME PESSOAL
Nome pessoal Reimann, Monika
240 10 - TÍTULO UNIFORME
Título uniforme Fit furs zertifikat deutsch
Idioma da obra deu / ger
245 10 - TÍTULO
Título Fit furs zertifikat deutsch
300 ## - DESCRIÇÃO FÍSICA
Extensão 117
362 0# - DATAS DE PUBLICAÇÃO E/OU DESIGNAÇÃO SEQUENCIAL
Datas de publicação e/ou designação sequencial 2000
650 #4 - ASSUNTO--TERMO TÓPICO
Cabeçalho tópico ou nome geográfico Línguas germânicas (teutônicas) língua alemã
942 ## - ELEMENTOS DE ENTRADA ADICIONADOS (KOHA)
Tipo de material Koha Livros
Holdings
Situação do descarte Situação das perdas Situação física Não pode ser emprestado Biblioteca de origem Biblioteca atual Data de aquisição Total de empréstimos Número de chamada completo Código de barras Data de último acesso Data do preço efetivo Tipo de material Koha
        Colégio Anchieta - Pituba Colégio Anchieta - Pituba 21/11/2023   430 D587f DIN FIT 13234/PIT 21/11/2023 21/11/2023 Livros
        Colégio Anchieta - Pituba Colégio Anchieta - Pituba 21/11/2023   430 D587f DIN FIT 13235/PIT 21/11/2023 21/11/2023 Livros